Les Pokémon que Pierre a eu dans l'anime - Statistiques

Statistiques générales
  • Ce quiz a été pris 103 fois
  • Le résultat moyen est 7 sur 12
Statistiques - réponses
Pokémon de Pierre % Correct
Steelix
99%
Racaillou
96%
Cradopaud
69%
Goupix
68%
Nostenfer
62%
Simularbre
62%
Leuphorie
60%
Flobio
52%
Ludicolo
44%
Foretress
42%
Guérilande
20%
Tauros
6%
Aucun quiz correspondant
Distribution des résultats
% des personnes avec chaque résultat
Percentile par nombre de réponses
Votre historique - résultats
Vous n’avez pas pris ce quiz